000 00415 a2200157 4500
999 _c375
_d375
008 221025b ||||| |||| 00| 0 eng d
020 _a9788126537280
082 0 0 _a629.8
_bN724
100 _aNise, Norman S.
245 _aControl system engineering /
_cNorman S. Nise
250 _a6th ed.
260 _aNew Delhi:
_bWiley India,
_c2016.
300 _axvi, 926 p.
650 0 _aSystems engineering
942 _2ddc
_cBK